| 000 | 00417 a2200157 4500 | ||
|---|---|---|---|
| 999 |
_c12923 _d12923 |
||
| 003 | OSt | ||
| 005 | 20240727150314.0 | ||
| 008 | 240727b ||||| |||| 00| 0 eng d | ||
| 020 | _a9781408112021 | ||
| 082 | _a771 | ||
| 100 | _a Patrick Roach and Fred Barter | ||
| 245 | _aPhotography at Sea: Techniques for capturing amazing photographs afloat | ||
| 260 |
_b Adlard Coles _c2010 |
||
| 300 | _a160p; | ||
| 942 | _2ddc | ||